Eurovision 2024 - Quiz - Statistiques

Statistiques générales
  • Ce quiz a été pris 177 fois
  • Le résultat moyen est 14 sur 20
Statistiques - réponses
Hint Réponse % Correct
Quel pays fut le vainqueur du Concours ? Suisse
99%
Et quel pays ? Suède
97%
Comment s'appelle l'artiste ? Nemo
96%
Et sa chanson ? The Code
94%
Parmi les 5 membres du Big 5 (Allemagne, Espagne, France, Italie et Royaume-Uni), quel pays obtint la meilleure place ? France
91%
À quelle place arriva la France lors de la finale ? 4ème
88%
Un des pays fut disqualifié du Concours, suite à une plainte déposée. Lequel ? Pays-Bas
88%
Combien de chansons avaient du français inclus dans leurs paroles, ne serait-ce qu'un seul mot ? 3
87%
Quelle ville a accueilli le Concours ? Malmö
82%
Et quel pays obtint la moins bonne place ? Espagne
80%
La France arriva quatrième du public. À quelle place arriva le pays chez les jurys ? 2ème
73%
Un pays fit son grand retour au Concours, après 31 ans d'absence. Lequel ? Luxembourg
70%
Qui fut l'artiste représentant ce pays ? Joost Klein
63%
Quelle était la date de la Grande finale du Concours ? 11 mai
58%
Et la deuxième ? Israël
55%
Quel pays a remporté la première demi-finale ? Croatie
54%
Quel pays est arrivé dernier lors de la finale ? Norvège
54%
Une des deux présentatrices de l'édition avait déjà présenté les éditions 2013 et 2016. Quel est son nom ? Petra Mede
37%
Quel pays est arrivé dernier des derniers, demi-finales et finale confondues ? Islande
34%
Comment s'appelle l'autre présentatrice ? Malin Åkerman
17%
Aucun quiz correspondant
Distribution des résultats
% des personnes avec chaque résultat
Percentile par nombre de réponses
Votre historique - résultats
Vous n’avez pas pris ce quiz